Luxury World (Record no. 4120)

MARC details
000 -LEADER
fixed length control field 00427 a2200157 4500
000 - LEADER
fixed length control field BKB
001 - CONTROL NUMBER
control field 070690
005 - DATE AND TIME OF LATEST TRANSACTION
control field 20200902150853.0
008 - FIXED-LENGTH DATA ELEMENTS--GENERAL INFORMATION
fixed length control field
082 ## - DEWEY DECIMAL CLASSIFICATION NUMBER
Classification number 338.47
Item number T83L
100 1# - MAIN ENTRY--PERSONAL NAME
Personal name Tungate, Mark
245 1# - TITLE STATEMENT
Title Luxury World
Statement of responsibility, etc by Mark Tungate
260 ## - PUBLICATION, DISTRIBUTION, ETC. (IMPRINT)
Place of publication, distribution, etc New Delhi
Name of publisher, distributor, etc Kogan Page
Date of publication, distribution, etc 2010
300 ## - PHYSICAL DESCRIPTION
Extent 241p.
690 ## - LOCAL SUBJECT ADDED ENTRY--TOPICAL TERM (OCLC, RLIN)
Topical term or geographic name as entry element Luxuries; Luxury goods industry; Brand name products
Holdings
Withdrawn status Lost status Damaged status Not for loan Home library Current library Date acquired Cost, normal purchase price Total Checkouts Full call number Barcode Date last seen Date checked out Price effective from Koha item type
        Central University Of Rajasthan Central University Of Rajasthan 07/03/2012 425.00 2 338.47 T83L 4977 11/03/2026 26/02/2026 02/09/2020 Books